000 00292nam a2200109Ia 4500
001 588835
005 20250717120838.0
008 250717s9999 xx 000 0 und d
245 0 _aV-15 İBN-İ SİNA VE MİNİK DÜŞMANLAR
_cDİDEM DEMİREL
260 _bTİMAŞ YAYINLARI
_c2020
300 _b47
999 _c588835
_d588835